[Event "Sombor Milicevic Memorial"]
[Site "Sombor"]
[Date "2019.10.16"]
[Round "4"]
[White "Stanisavljevic, Tijana"]
[Black "Idjuski, Aleksandar"]
[Result "1-0"]
[WhiteElo "1405"]
[BlackElo "1960"]
[PlyCount "43"]
[EventDate "2019.10.09"]
[EventType "swiss"]
[EventRounds "9"]
[EventCountry "SRB"]
[SourceTitle "CBM 192 Extra"]
[Source "Chessbase"]
[SourceDate "2019.11.06"]
[SourceVersion "1"]
[SourceVersionDate "2019.11.06"]
[SourceQuality "1"]

1. d4 Nf6 2. Bf4 e6 3. e3 Nc6 4. Nf3 Bb4+ 5. c3 Be7 6. h3 d6 7. Nbd2 0-0 8. Bd3 Nd5 9. Bg3 f5 10. e4 Nb6 11. exf5 exf5 12. 0-0 f4 13. Bh2 d5 14. Re1 Bd6 15. Qc2 h6 16. a4 Qf6 17. a5 Nd7 18. Qb3 Ne7 19. c4 c5 20. cxd5 Nf5 21. Re6 Nxd4 22. Rxf6 1-0